U.S. Geography by Letter - W - Statistics

General Stats
  • This quiz has been taken 23,646 times
    8,506 since last reset
  • The average score is 13 of 20
Answer Stats
Clue Answer % Correct
Capital of the United States Washington D.C.
100%
Official residence of the U.S. President White House
99%
Least populous U.S. state Wyoming
98%
State which produces the most cheese Wisconsin
97%
State that broke off from Virginia in 1863 West Virginia
96%
Street where you'd find the New York Stock Exchange {Wall} Street
95%
Biggest city in Kansas Wichita
80%
Texas city known where the Branch Davidian compound was located Waco
71%
Stadium where the Chicago Cubs play {Wrigley} Field
68%
Site of the U.S. Military Academy West Point
64%
City in North Carolina home to R. J. Reynolds tobacco {Winston}-Salem
64%
Biggest city in Delaware Wilmington
61%
Highest mountain in the United States outside of Alaska Mt. {Whitney}
51%
City in Virginia with a famous colonial historical district Williamsburg
45%
Wealthy county just north of New York City whose cities include Yonkers, Scarsdale, and White Plains {Westchester} County
35%
Destination of Oregon Trail pioneers {Willamette} Valley
35%
National Park in New Mexico completely surrounded by a missile range White Sands
31%
Largest lake entirely within Wisconsin Lake {Winnebago}
30%
Los Angeles thoroughfare which has a "Miracle Mile" home to many museums including the La Brea Tar Pits {Wilshire} Boulevard
23%
Mountain range visible from Salt Lake City {Wasatch} Range
18%
No matching quizzes found
Score Distribution
Percent of People with Each Score
Percentile by Number Answered
Your Score History
You have not taken this quiz since the last reset